| 000 | 01226nam a2200301Ia 4500 | ||
|---|---|---|---|
| 001 | 17180 | ||
| 003 | IT-RoPAU | ||
| 008 | 130308s9999 xx 000 0 und d | ||
| 040 | _aIT-RoPAU | ||
| 040 | _cIT-RoPAU | ||
| 041 | _aSPAGNOLO | ||
| 100 | _aAA.VV. | ||
| 100 | _gCodice Aut. SPICS: 12000 | ||
| 245 | _aFamilia Paulina (La) | ||
| 245 | _bFamilia Paulina (La) | ||
| 250 | _a1a ed. | ||
| 260 | _aMADRID | ||
| 260 | _bEdiciones Paulinas | ||
| 260 | _c1984 [1° Ed.:1984 - Ed.Ling.Originale:1984] | ||
| 300 | _a"36 p. (prefazione: no ; testo: 36 [pagine: 0-0])" | ||
| 500 | _aCooperatore Paolino Gennaio Febbraio 1984 contributi di Autori vari Sulla Famiglia Paolina 70 Anni al Servizio della Chiesa Testimonianze Mappa della Famiglia Paolina nel Mondo Intero Società San Paolo Pia Società Figlie di San Paolo Pie Discepole del Divin maestro Suore di Gesu' buon Pastore Suore della regina degli Apostoli Istituti Aggregati Istituto Gesu' sacerdote Istituto San Gabriele Arcangelo Istituto delle Annunziatine Istituto Santa Famiglia Cooperatori Paolini | ||
| 650 | _aAUTORI/OPERE FAMIGLIA PAOLINA | ||
| 650 | _eCodice materia Spics: 9903 | ||
| 942 | _cBK | ||
| 957 | _71 | ||
| 999 |
_c76289 _d76289 |
||
| 999 | _bSI | ||
| 999 | _g1 | ||